<?xml version="1.0" encoding="UTF-8"?>
<record
    xmlns:xsi="http://www.w3.org/2001/XMLSchema-instance"
    xsi:schemaLocation="http://www.loc.gov/MARC21/slim http://www.loc.gov/standards/marcxml/schema/MARC21slim.xsd"
    xmlns="http://www.loc.gov/MARC21/slim">

  <leader>01023nam2a22002411  4500</leader>
  <controlfield tag="001">rc\4929464</controlfield>
  <controlfield tag="005">20250613042413.0</controlfield>
  <datafield tag="021" ind1=" " ind2=" ">
    <subfield code="a">RU</subfield>
    <subfield code="b">[59-66442]</subfield>
  </datafield>
  <datafield tag="035" ind1=" " ind2=" ">
    <subfield code="a">(NLR Aleph) 008944948</subfield>
  </datafield>
  <datafield tag="090" ind1=" " ind2=" ">
    <subfield code="a">8967890</subfield>
    <subfield code="c">8967890</subfield>
  </datafield>
  <datafield tag="100" ind1=" " ind2=" ">
    <subfield code="a">20130426d1959    |||y0rusy50      ca</subfield>
  </datafield>
  <datafield tag="101" ind1="0" ind2=" ">
    <subfield code="a">rus</subfield>
  </datafield>
  <datafield tag="102" ind1=" " ind2=" ">
    <subfield code="a">RU</subfield>
  </datafield>
  <datafield tag="105" ind1=" " ind2=" ">
    <subfield code="a">y   z   |||||</subfield>
  </datafield>
  <datafield tag="200" ind1="0" ind2=" ">
    <subfield code="a">&#x2116; 7</subfield>
  </datafield>
  <datafield tag="210" ind1=" " ind2=" ">
    <subfield code="a">[&#x41C;&#x43E;&#x441;&#x43A;&#x432;&#x430;]</subfield>
    <subfield code="c">&#x411;. &#x438;.</subfield>
    <subfield code="d">1959</subfield>
  </datafield>
  <datafield tag="215" ind1=" " ind2=" ">
    <subfield code="a">14 &#x441;.</subfield>
  </datafield>
  <datafield tag="461" ind1=" " ind2="0">
    <subfield code="1">001rc\4929457</subfield>
    <subfield code="1">2001#$a&#x411;&#x44E;&#x43B;&#x43B;&#x435;&#x442;&#x435;&#x43D;&#x44C;$e&#x2116; 1-7$f&#x422;&#x440;&#x435;&#x442;&#x44C;&#x44F; &#x441;&#x435;&#x441;&#x441;&#x438;&#x44F; &#x412;&#x435;&#x440;&#x445;&#x43E;&#x432;&#x43D;&#x43E;&#x433;&#x43E; &#x421;&#x43E;&#x432;&#x435;&#x442;&#x430; &#x421;&#x421;&#x421;&#x420; &#x43F;&#x44F;&#x442;&#x43E;&#x433;&#x43E; &#x441;&#x43E;&#x437;&#x44B;&#x432;&#x430;. &#x421;&#x43E;&#x432;&#x435;&#x442; &#x421;&#x43E;&#x44E;&#x437;&#x430;$v&#x2116; 7</subfield>
    <subfield code="9">8967851</subfield>
    <subfield code="a">&#x421;&#x421;&#x421;&#x420;. &#x412;&#x435;&#x440;&#x445;&#x43E;&#x432;&#x43D;&#x44B;&#x439; &#x421;&#x43E;&#x432;&#x435;&#x442;. &#x421;&#x43E;&#x437;&#x44B;&#x432; (5). &#x421;&#x435;&#x441;&#x441;&#x438;&#x44F; (3). &#x421;&#x43E;&#x432;&#x435;&#x442; &#x421;&#x43E;&#x44E;&#x437;&#x430;</subfield>
    <subfield code="c">[&#x41C;&#x43E;&#x441;&#x43A;&#x432;&#x430;]</subfield>
    <subfield code="d">1959</subfield>
    <subfield code="f">&#x422;&#x440;&#x435;&#x442;&#x44C;&#x44F; &#x441;&#x435;&#x441;&#x441;&#x438;&#x44F; &#x412;&#x435;&#x440;&#x445;&#x43E;&#x432;&#x43D;&#x43E;&#x433;&#x43E; &#x421;&#x43E;&#x432;&#x435;&#x442;&#x430; &#x421;&#x421;&#x421;&#x420; &#x43F;&#x44F;&#x442;&#x43E;&#x433;&#x43E; &#x441;&#x43E;&#x437;&#x44B;&#x432;&#x430;. &#x421;&#x43E;&#x432;&#x435;&#x442; &#x421;&#x43E;&#x44E;&#x437;&#x430;</subfield>
    <subfield code="n">&#x411;. &#x438;.</subfield>
    <subfield code="o">&#x2116; 1-7</subfield>
    <subfield code="p">7 &#x442;.</subfield>
    <subfield code="t">&#x411;&#x44E;&#x43B;&#x43B;&#x435;&#x442;&#x435;&#x43D;&#x44C;</subfield>
    <subfield code="v">&#x2116; 7</subfield>
  </datafield>
  <datafield tag="801" ind1=" " ind2="0">
    <subfield code="a">RU</subfield>
    <subfield code="b">NLR</subfield>
    <subfield code="g">psbo</subfield>
  </datafield>
  <datafield tag="801" ind1=" " ind2="1">
    <subfield code="a">RU</subfield>
    <subfield code="b">ELAR</subfield>
    <subfield code="2">rusmarc</subfield>
  </datafield>
  <datafield tag="852" ind1=" " ind2=" ">
    <subfield code="a">NLR</subfield>
    <subfield code="j">59-6/9360</subfield>
  </datafield>
  <datafield tag="942" ind1=" " ind2=" ">
    <subfield code="c">BOOK</subfield>
  </datafield>
  <datafield tag="980" ind1=" " ind2=" ">
    <subfield code="a">NB</subfield>
  </datafield>
  <datafield tag="995" ind1=" " ind2=" ">
    <subfield code="5">2013-10-26</subfield>
    <subfield code="b">NLR01</subfield>
    <subfield code="c">NLR01</subfield>
    <subfield code="e">RF31</subfield>
    <subfield code="f">8944948-10</subfield>
    <subfield code="k">59-6/9360</subfield>
    <subfield code="o">0</subfield>
    <subfield code="r">BOOK</subfield>
    <subfield code="s">5969360_</subfield>
  </datafield>
</record>
